Finalrunde Fußball-EM 2020. - Statistiken

Allgemein
  • Dieses Quiz wurde 2.918 mal gespielt
  • Das Durchschnittsergebnis liegt bei 14 aus 16
Antwortstatistiken
Antwort % Korrekt
Italien
99%
England
98%
Deutschland
97%
Frankreich
97%
Spanien
96%
Schweiz
94%
Portugal
93%
Dänemark
88%
Belgien
87%
Kroatien
83%
Niederlande
83%
Österreich
83%
Schweden
78%
Ukraine
69%
Tschechien
69%
Wales
61%
Keine übereinstimmenden Quizze gefunden
Verteilung der Resultate
Anzahl Personen mit jedem Resultat
Perzentil nach korrekt beantworteten Fragen
Ihre Resultats-Entwicklung
Sie haben dieses Quiz noch nicht gespielt